Agrárny trh 2002
Odhad výsledkov hospodárenia poľnohospodárskej prvovýroby za rok 2002. Trh s hydinou a s vajcami v roku 2002 a ich očakávaný vývoj na rok 2003.
Salvato in:
| Autore principale: | |
|---|---|
| Natura: | Capitolo di libro |
| Lingua: | slovacco |
| Soggetti: | |
| Tags: |
Nessun Tag, puoi essere il primo ad aggiungerne!!
|
MARC
| LEADER | 00000naa a2200000 4500 | ||
|---|---|---|---|
| 001 | r048407 | ||
| 005 | 20231002114916.4 | ||
| 041 | 0 | |a slo | |
| 044 | |a SK | ||
| 245 | 1 | 0 | |a Agrárny trh 2002 |c Gejza Blaas |
| 520 | |a Odhad výsledkov hospodárenia poľnohospodárskej prvovýroby za rok 2002. Trh s hydinou a s vajcami v roku 2002 a ich očakávaný vývoj na rok 2003. | ||
| 610 | 2 | 0 | |a výroba poľnohospodárska |
| 610 | 2 | 0 | |a trh |
| 610 | 2 | 0 | |a vývoj |
| 610 | 2 | 0 | |a hydina |
| 610 | 2 | 0 | |a vajcia |
| 610 | 2 | 0 | |a 2002 |
| 610 | 2 | 0 | |a Slovensko |
| 100 | 1 | |a Blaas, Gejza | |